• 首页
  • 本馆介绍
  • 公告通知
  • 最新文献
  • 馆藏检索
  • 电子资源
  • 读者导购
  • 参考咨询
  • 我的图书馆
  • 登录
  • 详细信息显示
  • 放入我的书架
  • 预约/预借图书
  • 作者相关作品
  • 分类相关作品
  • 丛书相关作品
  • 出版社相关作品

书目信息

  • 表格格式
  • 工作单格式
  • 卡片格式
题名:
水电能资源开发利用
    
 
作者: 张超 编著
分册:  
出版信息: 北京   化学工业出版社  2005
页数: 228页
开本: 24cm
丛书名: 21世纪可持续能源丛书
单 册:
中图分类: TV211.1
科图分类:
主题词: 水电资源--资源开发--基本知识 , 水电资源--资源利用--基本知识 , 水电资源 , 资源开发 , 资源利用
电子资源:
ISBN: 7-5025-5875-6
000 01185oam2 2200313 450
001 002782954
005 20070805145420.45
010    @a7-5025-5875-6@dCNY32.00
035    @a002782954
100    @a20041215d2005 em y0chiy0110 ea
101 0  @achi
102    @aCN@b110000
105    @aab z 000yy
106    @ar
200 1  @a水电能资源开发利用@Ashui dian neng zi yuan kai fa li yong@f张超编著@Fzhang chao bian zhu
210    @a北京@c化学工业出版社@d2005
215    @a228页@c照片,地图@d24cm
225 2  @a21世纪可持续能源丛书@A21 shi ji ke chi xu neng yuan cong shu
330    @a本书以大量的规划资料和数据,介绍了水能资源开发利用的基本概念与原理,水能资源普查与开发规划,三峡水电站、黄河上中游与西南地区大型水电能源基地的主要水电站、抽水蓄能电站、农村小水电以及潮汐水电站等的开发利用情况;探讨了我国水电能源可持续发展战略问题。
461  0 @1001002771288@12001 @a21世纪可持续能源丛书
606 0  @a水电资源@x资源开发@x基本知识
606 0  @a水电资源@x资源利用@x基本知识
606 0  @a水电资源
606 0  @a资源开发
606 0  @a资源利用
690    @aTV211.1@v4
701  0 @a张超@Azhang chao@f(1938~)@4编著
801  0 @aCN@bNLC@c20070805
905    @dTV211.1@e39@f5
    
    水电能资源开发利用/张超编著.-北京:化学工业出版社,2005
    228页:照片,地图;24cm.-(21世纪可持续能源丛书)
    
    
    ISBN 7-5025-5875-6:CNY32.00
    本书以大量的规划资料和数据,介绍了水能资源开发利用的基本概念与原理,水能资源普查与开发规划,三峡水电站、黄河上中游与西南地区大型水电能源基地的主要水电站、抽水蓄能电站、农村小水电以及潮汐水电站等的开发利用情况;探讨了我国水电能源可持续发展战略问题。
●
相关链接 在E读中查询图书 在五车中查询图书 在当当中查询图书 在豆瓣中查询图书


正题名:水电能资源开发利用     索取号:TV211.1/39         预约/预借

序号 登录号 条形码 馆藏地/架位号 状态 备注
1 0850673   208506730   第二样本阅览室/ [索取号:TV211.1/39] 在馆    
2 0850674   208506749   第三借阅区/ [索取号:TV211.1/39] 在馆    
3 0850675   208506758   第三借阅区/ [索取号:TV211.1/39] 在馆    
4 0850676   208506767   第三借阅区/ [索取号:TV211.1/39] 在馆    
5 0850677   208506776   第三借阅区/ [索取号:TV211.1/39] 在馆    
唐山师范学院图书馆 欢迎您!
大连网信软件有限公司© 版权所有